[Event "ESP-chT"]
[Site "Cala Galdana"]
[Date "2001.10.14"]
[Round "2"]
[White "Shirov, Alexei"]
[Black "Cifuentes Parada, Roberto"]
[Result "1-0"]
[WhiteElo "2706"]
[BlackElo "2522"]
[Annotator "Cifuentes Parada,L"]
[PlyCount "91"]
[EventDate "2001.10.13"]
[EventType "team"]
[EventRounds "9"]
[EventCountry "ESP"]
[SourceTitle "CBM 084 Extra"]
[Source "ChessBase"]
[SourceDate "2001.10.26"]
[SourceVersion "1"]
[SourceVersionDate "2001.10.26"]
[SourceQuality "1"]

1. e4 d6 2. d4 Nf6 3. Nc3 e5 4. Nf3 Nbd7 5. Bc4 Be7 6. O-O O-O 7. Re1 c6 8. a4
b6 9. b3 (9. d5) 9... a6 (9... Bb7 $5 10. d5 (10. a5 $6 b5 11. Bf1 (11. a6 $2
Bc8 12. Bf1 Qb6 13. d5 Bxa6 14. dxc6 Qxc6 $15) 11... a6) (10. Ba3 $6 a6 11. Bf1
Re8 12. Qd3 b5 13. Bb2 b4 14. Nb1 exd4 15. Bxd4 c5 16. Bb2 Nxe4 17. Nbd2 d5 18.
Rad1 f5 19. c4 d4 20. Nxd4 cxd4 21. Qxd4 Ndf6 $19 {Lombardy-Campora, Argentina
1994}) 10... a6 11. Ba3 Qc7 12. dxc6 Bxc6 13. Nd5 Bxd5 14. Bxd5 Nxd5 15. Qxd5
Nf6 16. Qd3 b5 17. axb5 axb5 $13) 10. d5 c5 (10... Bb7 {see 9..,a6}) 11. Bd3
Ne8 12. Nd2 Bg5 13. Nc4 Bxc1 $6 (13... Rb8 $142 $5 14. Ne3 g6) 14. Qxc1 Rb8 15.
Nd1 $6 (15. f4 $142 $1 exf4 (15... Qe7 $1 16. f5 Ndf6 {/\g6-Ng7 A.Shirov}) 16.
Qxf4 Qf6 17. Qxf6 Ndxf6 18. Rab1 $1 {/\b3-b4} (18. e5 dxe5 19. Nxe5 (19. Rxe5
Nc7 20. Rae1 Re8 21. d6 Ne6) 19... Nd6 20. Nc6 Ra8 21. Re7 Bf5 22. Rd1 Bxd3 23.
Rxd3 Rfe8 $11) 18... b5 19. axb5 axb5 20. Na5 b4 21. Nc6 Rb7 22. Nb5 Bd7 23.
Ra1 $16) 15... g6 16. Nde3 Ndf6 (16... Qg5 $5 {/\f5}) 17. Qb2 Bd7 (17... Ng4
18. Nxg4 Bxg4 19. b4 $1) 18. b4 $1 Qc7 $1 (18... b5 $6 19. axb5 axb5 20. Nxe5
$1 dxe5 21. bxc5 $44) 19. Reb1 b5 20. axb5 axb5 21. bxc5 (21. Nxe5 dxe5 22.
bxc5 Qxc5 23. Qxe5 $13) 21... Qxc5 (21... bxc4 $2 22. Qxb8 cxd3 23. Qxc7 Nxc7
24. c6 $1 $18) 22. Qb4 $5 (22. Nxe5 $5 dxe5 23. Qxe5 $13) 22... bxc4 (22... Qc7
$143 23. Nd2 $16) 23. Qxb8 cxd3 24. cxd3 Ng4 $8 25. Nxg4 Bxg4 26. Qb6 Be2 $2 (
26... Qxb6 $5 27. Rxb6 f5 28. f3 Bh5 29. Ra8 g5 $1 30. exf5 g4 $1 31. fxg4 Bxg4
32. Rbb8 Kf7 33. Ra7+ Kf6 34. Raa8 Kf7 $11) (26... Qc2 $5 27. Qe3 Be2 $1 {
A.Shirov}) 27. Qxc5 dxc5 28. Ra3 f5 $6 (28... c4 $8 29. dxc4 Bxc4 30. Rc3 Be2
31. Rb2 Bh5 32. Rb6 $16) 29. Rb2 Bh5 30. f3 $1 g5 31. Rc3 fxe4 32. fxe4 $18 (
32. dxe4 $6 g4 $132) 32... Nf6 33. Rxc5 Ra8 34. h3 g4 35. Kf2 gxh3 36. gxh3 Bg6
37. Ke3 Kg7 38. Rc7+ Kh6 39. Re7 Ra1 40. Rb6 Rf1 41. d6 Rh1 42. d7 Rxh3+ 43.
Kd2 Rh2+ 44. Kc3 Nxd7 45. Rxd7 Kg5 46. Rd5 1-0

[Event "Olympiad-36"]
[Site "Mallorca"]
[Date "2004.10.23"]
[Round "8"]
[White "Ganguly, Surya Shekhar"]
[Black "Cifuentes Parada, Roberto"]
[Result "1/2-1/2"]
[WhiteElo "2559"]
[BlackElo "2540"]
[Annotator "Cifuentes Parada,L"]
[PlyCount "109"]
[EventDate "2004.10.15"]
[EventType "team-swiss"]
[EventRounds "14"]
[EventCountry "ESP"]
[SourceTitle "CBM 104"]
[Source "ChessBase"]
[SourceDate "2005.01.27"]
[SourceVersion "1"]
[SourceVersionDate "2005.01.27"]
[SourceQuality "1"]
[WhiteTeam "India"]
[BlackTeam "Spain"]
[WhiteTeamCountry "IND"]
[BlackTeamCountry "ESP"]

1. e4 d6 2. d4 Nf6 3. Nc3 e5 4. Nf3 Nbd7 5. Bc4 Be7 6. O-O O-O 7. Re1 c6 8. a4
b6 9. b3 (9. h3 Bb7 $1 (9... a6 $6 10. d5 $1 c5 11. Bd3 Ne8 12. Rb1 g6 13. Bh6
Ng7 14. Nd2 f5 (14... Bg5 15. Bxg5 Qxg5 16. Nc4 Ne8 17. b4 f5 18. bxc5 bxc5 19.
a5 $16) 15. Nc4 Rb8 16. b4 Qc7 (16... cxb4 17. Rxb4 Qc7 18. Qb1 f4 19. Qb2 Qc5
20. Nd2 Bh4 21. Rf1 Qc7 22. Be2) 17. b5 $1 a5 18. f4 $16 Bf6 19. Qd2 exf4 20.
Bxf4 Ne5 21. Bxe5 Bxe5 22. Nxe5 dxe5 23. d6 $1 Qf7 24. Nd5 $2 (24. exf5 $1 Nxf5
25. Bxf5 Bxf5 26. Rxe5 $16) 24... Kh8 25. Bc4 (25. Ne7 Qe6 26. exf5 gxf5 27.
Nc6 Rb7 28. Rxe5 Qxd6 29. Qg5 Rbf7) 25... Be6 $8 26. exf5 Nxf5 27. Rxe5 Bxd5 $1
(27... Nxd6 $2 28. Rxe6 $1 Qxe6 29. Qc3+ $18) 28. Bxd5 (28. Rxd5 Nxd6 $1) (28.
Qxd5 Qxd5 29. Bxd5 (29. Rxd5 $2 Ne3) 29... Nxd6) 28... Qg7 29. Rbe1 Rbd8 $11
30. Re7 Qf6 31. c4 Nxd6 32. Qh6 Nf7 33. Bxf7 Rxf7 34. Re8+ Rf8 35. R8e7 {
1/2-1/2 Fontaine,R-Cifuentes,R/Olimpíada Calviá 2004} (35. Qxf8+ Qxf8 36. Rxf8+
Rxf8 37. Re6 Rf4 38. Rxb6 Rxc4 39. Rc6 Rxa4 40. b6 Rb4 $11)) 10. dxe5 (10. d5
cxd5 11. Nxd5 Rc8 12. b3 Nxd5 13. Bxd5 Bxd5 14. exd5 f5 $132) (10. a5 b5 11. a6
Bc8 12. Bb3 b4 13. Nb1 Qb6 14. Be3 c5) (10. Ba2 a6 11. dxe5 Nxe5 12. Nd4 Re8
13. f4 Ng6 14. Nf3 d5 $1 15. f5 Bc5+ 16. Kh1 Ne5 17. Nxe5 Rxe5 18. Bf4 Nxe4 $1)
10... dxe5 11. Nh4 Nc5 12. Nf5 Bc8) (9. d5) 9... Bb7 (9... a6 10. d5 c5 11. Bd3
Ne8 12. Nd2 Bg5 13. Nc4 Bxc1 14. Qxc1 Rb8 15. Nd1 (15. f4) 15... g6 16. Nde3
Ndf6 17. Qb2 Bd7 18. b4 Qc7 19. Reb1 b5 20. axb5 axb5 21. bxc5 Qxc5 22. Qb4
bxc4 23. Qxb8 cxd3 24. cxd3 Ng4 25. Nxg4 Bxg4 26. Qb6 Be2 $2 (26... Qxb6 $1 27.
Rxb6 g5 28. f3 Bh5 29. g4 Bg6) (26... Qc2 $5 {A.Shirov}) 27. Qxc5 dxc5 28. Ra3
f5 (28... c4 29. dxc4 Bxc4 30. Rc3 Be2 31. Rb2 Bh5) 29. Rb2 Bh5 30. f3 g5 31.
Rc3 $18 {Shirov,A-Cifuentes,R/España (tt)2001}) 10. Bd3 (10. a5 Rb8 11. axb6
axb6 12. Bb2 Qc7 13. Qd2 b5 14. Bd3 Rfe8 $5 (14... Rfd8 15. Ne2 c5 16. dxe5
Nxe5 17. Ng3 Bc8 18. Be2 Nxf3+ 19. Bxf3 Be6 20. Nf5 $1 Bxf5 21. exf5 d5 22. Be5
Bd6 23. Bxf6 gxf6 24. Qh6 $16 Bf4 (24... Be5 25. Rad1 Bc3 (25... d4 26. Re4 $19
) 26. Re3 Bd4 27. Red3 $16) 25. Qxf6 Rd6 26. Qe7 Qxe7 27. Rxe7 Bg5 28. Rc7 c4
29. Raa7 Rf8 30. Bh5 Rf6 31. g4 Bf4 32. Rd7 Bd6 33. h4 h6 34. Kf1 Bb8 35. Rab7
d4 36. Rxd4 cxb3 37. cxb3 Bd6 38. Rxb5 Bc7 39. Rd7 Rb6 40. Rxb6 Bxb6 41. f6 Bc5
42. Kg2 Ba3 43. f4 {1-0 Shirov,A-Azmaiparashvili,Z/Calvia ESP 2004 (43)}) 15.
Ne2 d5 $1) 10... Re8 11. Bb2 a6 $6 (11... Bf8 $1 12. Ne2 d5 $1 13. Nxe5 (13.
exd5 e4 14. dxc6 Bxc6 15. Ne5 exd3 16. Nxc6 dxe2 $19) (13. dxe5 dxe4 14. exf6
exf3 15. fxg7 Bxg7 16. Nc3 Ne5 $1) 13... Nxe4 (13... Nxe5 14. dxe5 Ng4 15. Ng3
Qh4 16. h3 Nxe5 17. exd5 Nxd3 18. Qxd3 cxd5 $14) 14. Ng3 (14. Bxe4 dxe4 15. Ng3
c5 16. Nxe4 (16. Nxd7 Qxd7 17. dxc5 Qc6 $1 18. cxb6 e3 $1) 16... cxd4 17. Nxd7
Qxd7 18. Qd3 Re6 19. Re2 Rae8 20. Rae1 Qd5 21. f3 Bb4 22. Rd1 Bc5) 14... Nxe5
15. dxe5 Nxg3 16. hxg3 Bc8 17. Qh5 g6 18. Qf3 Be6 19. Qf4 Bg7 20. Rad1 Qd7 $11)
12. Ne2 $1 Bf8 (12... d5 13. Ng3 $1 (13. dxe5 Nxe4 14. Ng3 Nxg3 15. hxg3 Nc5
$11) 13... dxe4 14. Nxe4 exd4 15. Nxd4 c5 16. Nf5 Bxe4 17. Bxe4 Nxe4 18. Nxg7
$1 Bd6 (18... Bf6 19. Nxe8 Bxb2 20. Rxe4 $18) 19. Qf3 $1 Ng5 (19... Ne5 20.
Qxe4 Kxg7 21. f4 f6 22. fxe5 Bxe5 23. Bxe5 Rxe5 24. Qb7+ Kh8 25. Rad1 Rxe1+ 26.
Rxe1 $16) 20. Rxe8+ Qxe8 21. Qd5 Qe4 22. Qxg5 Bf4 23. Qf5 $16) 13. Ng3 Qc7 14.
c4 $14 (14. Qd2 g6 15. c4 Bg7 16. Rac1 a5 17. Bc2 Rad8 18. Rcd1 exd4 19. Nxd4
Nc5 20. Qc1 Ncd7 21. Ndf5 gxf5 22. Nxf5 Re5 {1/2-1/2 Lendwai,R-Hangweyrer,M/
Austria 2001}) 14... a5 15. Qd2 Rad8 16. Rac1 g6 17. c5 $5 bxc5 $8 (17... dxc5
$143 18. dxe5 Ng4 19. e6 $1 Rxe6 (19... fxe6 20. Qg5 Nh6 21. Bc4 Nf7 22. Qg4
$44) 20. Bc4 Nde5 (20... Ree8 21. Qc3 $16) 21. Qf4 Re7 (21... Nxf3+ 22. Qxf3
Ne5 23. Qc3 $1) 22. Nxe5 Nxe5 23. Nf5 $1 gxf5 (23... Ree8 24. Nh6+ Bxh6 25.
Qxh6 $16) 24. exf5 $1 Rde8 (24... Ng6 25. Rxe7 Qxe7 (25... Qxf4 $2 26. Bxf7#)
26. fxg6 hxg6 27. Bf6 $18) 25. Qg5+ Kh8 26. f4 $18) 18. dxe5 Nxe5 19. Nxe5 dxe5
20. Qe2 Bc8 21. Bc4 Be6 $13 22. Rcd1 Nd7 23. Bc3 Bxc4 24. Qxc4 Qa7 25. Qd3 Be7
26. Qd2 Nf8 27. Qe2 Qc7 (27... Bf6 $5 28. Rxd8 Rxd8 29. Nf1 Ne6 30. Ne3 Nd4 31.
Qa2 Re8 32. Nc4 Bd8) 28. Rxd8 Bxd8 29. Qb2 f6 30. Qe2 Ne6 31. Qc4 Kg7 $2 (31...
Qf7 $1 32. Qa6 Nd4 33. Bxa5 (33. Bxd4 cxd4 34. Qxc6 Be7 $17 {xNg3}) 33... Bxa5
34. Qxa5 Qxb3 $17) 32. Rd1 Re7 33. Nf1 Rd7 $2 $138 34. Bxa5 $1 Qb7 35. Rxd7+
Qxd7 36. Bxd8 Nxd8 37. Qxc5 Ne6 38. Qc4 Nd4 39. h3 Qb7 40. b4 c5 41. Qxc5 Qxe4
42. Qe7+ Kg8 43. Qxf6 Qe1 $8 (43... Ne2+ 44. Kh2 Qxb4 (44... Qb1 45. Qd8+ Kf7
46. Qd5+ Kf6 47. Qf3+ $18) 45. Qd8+ $1 (45. Qxe5 Qe1 $11) 45... Kf7 46. Qd2 $1
$18) 44. Qd8+ Kg7 45. Qe7+ (45. Qd7+ Kh6 $1 46. g3 Qd1 $1 47. Qb7 Nf3+ 48. Kg2
Ne1+ 49. Kh1 Nf3 $11) 45... Kg8 (45... Kh6 46. Qf8+ Kg5 47. f4+ $1 exf4 48.
Qd8+ $18) 46. Kh2 $2 (46. g3 $1 Nf3+ 47. Kg2 Qe4 48. Qd8+ $1 (48. Ne3 Nd4+ 49.
Kg1 Qb1+ 50. Kh2 Nf3+ 51. Kg2 Ne1+ 52. Kf1 Nf3+ (52... Nc2+ 53. Ke2) 53. Ke2
Nd4+ 54. Kd2 Qb2+ 55. Kd3 Qb3+ 56. Ke4 Qb1+ 57. Kd5 Qb3+ 58. Kc5 Qxa4 $132 (
58... Qc3+ $2 59. Nc4 $1 Nb3+ 60. Kb5 Nd4+ 61. Kb6 $3 Qxc4 62. Qe8+ Kg7 63.
Qxe5+ Kh6 64. Qf4+ Kg7 65. Qc7+ $18)) 48... Kg7 49. Ne3 $1 Nd4+ (49... Nd2+ 50.
Kg1 Qxb4 51. Qd5 e4 52. Qd7+ Kf8 53. Kg2 $18) 50. Kg1 Qb1+ 51. Kh2 Nf3+ 52. Kg2
Ne1+ (52... e4 53. Qd1 Qxb4 54. Qd7+ Kf8 55. Nd5 Qc5 56. Qd8+ Kg7 57. Qf6+ Kh6
58. Ne7 $18) 53. Kh1 Nc2+ (53... Nd3+ 54. Kh2 $1) 54. Qd1 $18) 46... Ne2 $1 $11
(46... Qxf1 $2 47. Qe8+ Kg7 48. Qxe5+ $18) 47. Qe8+ Kg7 48. Qxe5+ Kg8 49. Qd5+
Kg7 50. Qd7+ Kg8 51. Qe8+ Kg7 52. Qe5+ Kf7 53. Qd5+ Kg7 54. Qd7+ Kg8 55. Qd8+
1/2-1/2

[Event "SUI-chT"]
[Site "Switzerland"]
[Date "1996.??.??"]
[Round "9"]
[White "Donev, Ivo Hristov"]
[Black "Vulevic, Vjekoslav"]
[Result "1/2-1/2"]
[WhiteElo "2400"]
[BlackElo "2335"]
[Annotator "Donev,I"]
[PlyCount "103"]
[EventDate "1996.??.??"]
[EventType "team-tourn"]
[EventRounds "9"]
[EventCountry "SUI"]
[SourceTitle "CBM 055 Extra"]
[Source "ChessBase"]
[SourceDate "1997.01.01"]
[SourceVersion "1"]
[SourceVersionDate "1997.01.01"]
[SourceQuality "1"]

1. e4 e5 2. Nf3 d6 3. d4 Nd7 4. Nc3 c6 5. a4 Ngf6 6. Bc4 Be7 7. O-O O-O 8. a5
exd4 9. Qxd4 Nc5 10. Rd1 b5 11. axb6 Qxb6 12. e5 dxe5 13. Qxe5 Be6 14. Bxe6 (
14. Na4 Qb8 15. Nxc5 Qxe5 16. Nxe5 Bxc4 17. Be3 Bd5 18. c4 $16) 14... Nxe6 15.
Be3 Qb7 (15... Qxb2 16. Nd5 Qb7 17. Rab1 Qd7 18. Nxf6+ Bxf6 19. Rxd7) 16. h3 {
Ein nützlicher Zug. Vermeidet Ng4 und schafft ein Luftloch für den König.} Rfe8
17. Ra2 (17. Na4 Nd5) 17... Bb4 18. Rda1 (18. Ne4 Nd5 19. Bd4) 18... a5 19. Nd1
(19. Ne4 Nd5 20. Bd4) 19... Rad8 20. Qg3 Rd5 21. Nc3 Bxc3 22. bxc3 Ne4 23. Qh4
Nxc3 24. Rxa5 Rxa5 25. Rxa5 Ne2+ (25... Qb1+ 26. Kh2 Qxc2 27. Qc4) 26. Kh1 (26.
Kf1 N6f4 (26... N2f4 27. Bxf4 Nxf4 28. Re5 Qb1+ 29. Ne1 Qxe1+)) 26... Qb1+ 27.
Kh2 Qxc2 28. Qa4 Qxa4 29. Rxa4 c5 30. Rc4 Rc8 (30... Rb8 31. Ng5) 31. g3 f5 32.
Rc2 f4 33. Rxe2 fxe3 34. Rxe3 Kf7 35. Ne5+ Kf6 36. f4 Rc7 37. Kg2 h5 38. Kf3
Rb7 39. g4 h4 40. g5+ (40. Nc6 Rb1 (40... Nd4+ 41. Nxd4 cxd4 42. Rd3 (42. g5+
Kf5 $10 {Siehe die Partie.}) 42... g5 (42... Rd7 43. Ke4 $16) 43. fxg5+ Kxg5 (
43... Ke5 $16) 44. Ke4 Re7+ 45. Kxd4 Kf4 $14) 41. g5+ Kf7 42. Ne5+ Ke7 43. Ng6+
Kd6 44. Nxh4 $16) 40... Kf5 41. Nc6 Nd4+ 42. Nxd4+ cxd4 43. Re5+ Kg6 44. Kg4 $8
(44. Rd5 Kh5 45. Rxd4 g6 $1 {Der schwarze König befindet sich in einem
Pattnest.} 46. Rd8 Rb8 $1) (44. Re8 Rd7 45. Kg4 d3) 44... Rd7 45. f5+ (45. Rf5
d3 46. Rf8 Rd4 $19 (46... d2 $4 47. f5+ Kh7 48. g6+ Kh6 49. Rh8#)) (45. Re6+
Kf7 46. Re2 d3 47. Rd2 Ke6 48. Kxh4 Kf5 49. Kg3 Rd4 $15) 45... Kf7 46. Re2 $6 (
46. g6+ Kf8 47. Kxh4 (47. f6 gxf6 48. Rh5 Kg8 $17) 47... d3 48. Re1 d2 49. Rd1
Ke7 50. Kg5 Rd3 51. h4 Rg3+ 52. Kf4 Rg2 53. Kf3 (53. Ra1 Re2 54. Rd1) 53... Rh2
54. Kg3 Re2 55. h5 Kf6 56. h6 gxh6 57. Kf3 Re5 $10) (46. Kxh4 $142 $3 d3 47.
Re1 d2 48. Rd1 g6 49. f6 Ke6 50. Kg4 $16) 46... d3 47. Rd2 g6 48. f6 Rd4+ 49.
Kf3 Rd5 50. Kf4 Ke6 51. Kg4 Rd4+ 52. Kf3 1/2-1/2

[Event "Pamplona 9394 4th"]
[Site "Pamplona"]
[Date "1993.??.??"]
[Round "7"]
[White "Izeta Txabarri, Felix"]
[Black "Seret, Jean Luc"]
[Result "1-0"]
[WhiteElo "2510"]
[BlackElo "2450"]
[Annotator "Donev,I"]
[PlyCount "55"]
[EventDate "1993.12.??"]
[EventType "tourn"]
[EventRounds "9"]
[EventCountry "ESP"]
[EventCategory "10"]
[SourceTitle "CBM 039"]
[Source "ChessBase"]
[SourceDate "1994.04.01"]
[SourceVersion "1"]
[SourceVersionDate "1994.04.01"]
[SourceQuality "1"]

1. d4 {Blatny,P} d6 2. e4 Nf6 3. Nc3 e5 4. Nf3 Nbd7 (4... exd4 {Blatny,P} 5.
Nxd4 g6 {[+]:/^a1-h8}) 5. Bc4 Be7 6. O-O O-O 7. a4 c6 8. Qe2 b6 (8... a6 {
Blatny,P} 9. a5 {><b6}) 9. Rd1 Qc7 10. d5 (10. dxe5 {Blatny,P} dxe5 (10... Nxe5
11. Nxe5 dxe5 $10) 11. h3 $13) 10... cxd5 (10... c5 11. a5 bxa5 (11... Bb7 12.
a6 $1 Bc8 13. Bb5 $14) 12. Nb5 Qb6 13. Bd2 $14) (10... Bb7 $5 {Blatny,P} 11.
dxc6 Bxc6 12. Nb5 $36) 11. Nxd5 Nxd5 12. Bxd5 Rb8 (12... Bb7 {Blatny,P} 13. a5
Bxd5 14. Rxd5 $14) 13. Ra3 Nf6 $146 (13... Nc5 14. Be3 (14. Rc3 {Blatny,P} a5
15. b3 $14 Ba6 $140 $2 16. Rxc5 $1 Bxe2 17. Rxc7 Bxd1 18. Rxe7 Bxc2 19. Ng5 $18
) 14... g6 {0,5/Werner,M-Fritschel,L BL 90/91}) 14. Rc3 Qd8 15. Bb3 (15. Bc6
Bd7 16. Bxd7 Nxd7 17. b3 Rc8 18. Rxc8 Qxc8 19. Ba3 Nc5 20. Nd2 $14 {20.Bc5!?})
15... Bb7 (15... Bg4 16. h3 Bxf3 17. Qxf3 $14) (15... Qe8 {Blatny,P} 16. Bg5
$36) 16. Nxe5 (16. Nd2 {Blatny,P}) 16... Nxe4 (16... Qe8 17. Nf3 Bxe4 18. Re3
Bxf3 19. Qxf3 $14) (16... Bxe4 {Blatny,P}) 17. Nc6 Bxc6 (17... Nxc3 18. Nxe7+
Kh8 19. bxc3 Re8 20. Re1 d5 21. Ba3 $16) 18. Rxc6 Nc5 (18... Nf6 {Blatny,P} 19.
Bg5 Re8 20. Qc4 d5 $16) 19. Bd5 $14 (19. Bf4 Rb7 20. Bxd6 $2 Rd7 21. Qe5 Nb7
$19) 19... Qd7 (19... Nxa4 20. Qa6 Nc5 21. Qxa7 Rb7 22. Qa3 $14 {^^}) 20. b3
Kh8 21. Bb2 f5 (21... Rbe8 $5) 22. Bf3 Rbd8 {?! Blatny,P} 23. a5 $1 $16 Bf6 {
?! Blatny,P} (23... bxa5 $2 24. Rxc5 dxc5 25. Rxd7 Rxd7 26. Bc6 $1 $18) (23...
Rb8 $142 {Blatny,P}) 24. Bxf6 Rxf6 25. axb6 axb6 26. Rxb6 g5 (26... Re6 $142
27. Qd2 Ne4 28. Qd4 $16) 27. h3 Rg8 $2 (27... Re6 $142 28. Qd2 Qe7) 28. Rdxd6
$1 1-0

[Event "Moscow Alekhine op"]
[Site "Moscow"]
[Date "1992.??.??"]
[Round "?"]
[White "Timoscenko, Gennadij A"]
[Black "Belikov, Vladimir"]
[Result "1-0"]
[WhiteElo "2515"]
[BlackElo "2460"]
[Annotator "Dorfman,J"]
[PlyCount "107"]
[EventDate "1992.10.??"]
[EventType "swiss"]
[EventRounds "9"]
[EventCountry "RUS"]
[SourceTitle "CBM 033"]
[Source "ChessBase"]
[SourceDate "1993.04.01"]
[SourceVersion "1"]
[SourceVersionDate "1993.04.01"]
[SourceQuality "1"]

1. d4 d6 2. e4 Nf6 3. Nc3 e5 4. Nf3 Nbd7 (4... exd4 5. Nxd4 Be7 6. g3 $14) 5.
Bc4 (5. g3 $5 Be7 6. Bg2 O-O 7. O-O c6 8. a4 Re8 9. Re1 Bf8 10. h3 $14) 5...
Be7 6. O-O O-O 7. Re1 c6 8. a4 h6 (8... a5 9. Ba2 $14) (8... b6 $5 9. d5 $5 (9.
h3 a6 10. Bg5 Bb7 11. Bb3 b5 $10) 9... Bb7 (9... c5 $5) 10. dxc6 Bxc6 11. Bg5
a6 12. Bxf6 Nxf6 13. Nd5 Nxd5 14. Bxd5 Rc8 $14) 9. h3 (9. a5 {/\ 9.Ba2}) 9...
Re8 10. Bf1 $5 Bf8 11. g3 b6 (11... a5 12. Bg2 Qc7 13. Be3 exd4 14. Bxd4 b6 15.
Nd2 Bb7) 12. Bg2 Bb7 13. b3 (13. Be3 exd4 14. Bxd4 a6 $10 {/\ 15...b7-b5})
13... a6 14. Bb2 b5 $10 15. axb5 axb5 16. Rxa8 Qxa8 17. Nb1 c5 (17... Qa2 18.
Qc1) 18. d5 Nb6 (18... b4 $5) 19. Nfd2 Nfd7 $2 (19... b4 $142 {/\ 20...Bb7-a6})
20. Na3 $16 Ba6 21. Bf1 b4 22. Nac4 Nxc4 23. Nxc4 Bxc4 (23... Bb5 24. Nb6 $1
$16) 24. Bxc4 Qa2 $6 (24... Qb7 25. Qe2 Ra8 $16) 25. Bc1 {/\ 26.Bc1xh6} Nb6 26.
Bb5 Rb8 27. Qe2 Qa5 28. Bd3 Be7 {/\ 29...Be7-g5} 29. h4 Nc8 30. Bd2 Na7 (30...
Ra8 $16) 31. Qf1 Nb5 32. Bxb5 Qxb5 33. Qxb5 Rxb5 34. Ra1 Rb7 (34... Rb8 35. Ra7
Bf8 36. h5 $16 {/\ 37.f2-f4}) 35. Ra8+ Kh7 36. h5 g6 37. hxg6+ Kxg6 (37... fxg6
38. f4 $16) 38. Kf1 (38. f3) 38... f5 39. f3 (39. exf5+ Kxf5 40. Bxh6 $6 Ke4)
39... h5 $2 (39... fxe4 40. fxe4 Bf6 $16) 40. exf5+ Kxf5 41. Rh8 e4 (41... h4
42. Rh5+ Kg6 43. Rh6+ Kg7 44. gxh4 $18) 42. Rxh5+ Kg6 43. Rh6+ Kf5 44. Re6 $1
$18 exf3 45. Kf2 Kg4 $8 46. Re4+ Kh5 47. Kxf3 Kg6 48. Re6+ Kf7 49. Bf4 Ra7 50.
Ke4 Ra2 51. Kd3 Ra6 52. g4 Ra1 53. Bxd6 Bf6 54. Be5 1-0

[Event "ESP-chT CECLUB Honor"]
[Site "Linares"]
[Date "2017.08.19"]
[Round "6.1"]
[White "Edouard, Romain"]
[Black "Ramiro Ovejero, Juan Luis"]
[Result "1-0"]
[WhiteElo "2624"]
[BlackElo "2399"]
[Annotator "Edouard,R"]
[PlyCount "79"]
[EventDate "2017.08.14"]
[EventType "team-tourn"]
[EventRounds "7"]
[EventCountry "ESP"]
[SourceTitle "CBM 180"]
[Source "ChessBase"]
[SourceDate "2017.09.13"]
[SourceVersion "1"]
[SourceVersionDate "2017.09.13"]
[SourceQuality "1"]
[WhiteTeam "Sestao Bizkaialde"]
[BlackTeam "Monzon Jaime Casas"]
[WhiteTeamCountry "ESP"]
[BlackTeamCountry "ESP"]

1. d4 d6 2. e4 Nf6 3. Nc3 e5 4. Nf3 Nbd7 5. Bc4 Be7 6. a4 O-O 7. O-O a5 8. Re1
c6 9. h3 Nb6 10. Ba2 Nfd7 11. dxe5 $1 {A very challenging move in that line.
The pawn structure is flattened but Black doesn't manage to organize his
pieces the way he would like to.} dxe5 (11... Nxe5 12. Nd4 $14) 12. Be3 h6 (
12... Qc7 13. Ng5 $1 {is quite bad for Black:} Bxg5 (13... Nf6 14. Qd3 $1 Bd7 (
14... h6 $2 15. Nxf7 Rxf7 16. Bxb6 Qxb6 17. Qc4 $18) 15. f4 $1 c5 (15... exf4
16. e5 $1 Qxe5 17. Nxf7 $1 $18 {1-0 (21) Narayanan,S (2475)-Krapivin,V (2340)
Pardubice CZE 2013}) 16. fxe5 Qxe5 17. Nf3 Qg3 18. Bf2 Qc7 19. e5 $18 {1-0 (31)
Drozdowski,K (2490)-Kraus,T (2426) CZE 2016}) 14. Bxg5 Nc5 15. Be3 Nbxa4 (15...
Ne6 16. Qh5 Nd4 17. Rad1 c5 18. Nb5 Nxb5 19. axb5 Bd7 20. Bh6 $1 $18 {1-0 (29)
Ni Hua,- (2641)-Kabanov,N (2522) RUS 2012}) 16. Nxa4 Nxa4 17. Bb3 $1 Nb6 (17...
b5 18. Bxa4 bxa4 19. Rxa4 Be6 20. Qa1 c5 21. b3 Rfd8 22. Qc3 $16 {1/2-1/2 (67)
Alonso,S (2508)-Lorenzini,M (2488) Saenz Pena ARG 2014}) 18. Bc5 Re8 19. Bxf7+
Qxf7 20. Bxb6 a4 21. Qd2 Qc4 22. b3 Qb5 23. Bc7 $16 {1-0 (33) Gallagher,J 
(2495)-Pelletier,Y (2576) SUI 2013}) 13. Re2 $1 $146 {A very strong move: the
rook on d2 will be very disturbing!} (13. Nh2 Bg5 {is much for solid for Black!
}) 13... Qc7 (13... Bb4 $2 14. Nxe5 $1 $16) 14. Rd2 Nc5 (14... Bc5 15. Qe2 Bxe3
16. Qxe3 $16) ({Perhaps the critical line is} 14... Bb4 15. Nh4 Nc5 16. Qh5
Bxc3 17. bxc3 Nxe4 18. Qg6 Ng5 19. Nf5 Bxf5 20. Qxf5 {followed by h4: White is
slightly better but Black might hold!}) 15. Nh4 $1 Bxh4 (15... Be6 16. Nf5 $16)
16. Bxc5 Be7 17. Be3 Nd7 (17... Bb4 18. Qh5 $16) 18. Qh5 $1 Nc5 (18... Nf6 19.
Qg6 {and White wins a pawn.}) 19. Bxh6 Be6 $8 (19... gxh6 $2 20. Qg6+ Kh8 21.
Qxh6+ Kg8 22. Rad1 $18) 20. Bxe6 (20. Nd5 $6 {would be too much:} cxd5 21. exd5
gxh6 22. dxe6 Ra6 $13) 20... Nxe6 21. Be3 Rfd8 22. Rad1 Rxd2 23. Rxd2 Bc5 24.
Bxc5 Nxc5 25. b3 Ne6 26. Qd1 Rd8 27. Rxd8+ Nxd8 28. Qd2 Ne6 29. Nd1 $1 {
The best plan, I think. Otherwise I could not see how to organise myself
against ...Qe7-...Qb4.} b5 30. Ne3 Nd4 31. Kh1 Qb6 32. g3 Qc5 (32... bxa4 33.
bxa4 c5 34. Qd3 $1 $16) 33. Kg2 $18 {Now White is perfectly organised.} bxa4
34. bxa4 Kf8 35. c3 Ne6 36. Qd7 g6 37. Ng4 Qxc3 (37... Qc4 $6 38. Qxf7+ $18) (
37... Kg7 38. Qd2 $18) 38. Nh6 Kg7 39. Nxf7 Qd4 40. Nd6+ 1-0